Представление документа в формате MARC21

Поле Инд. ПП Название Значение
Тип записи a
Библиографический уровень a
001 Контрольный номер RU/IS/BASE/463751379
005 Дата корректировки 20150513113627.0
020 a ISBN 978-5-85759-466-7
040 a Служба первич. каталог. НБ ТвГУ
b Код языка каталог. rus
e Правила каталог. PSBO
041 0_ a Код языка текста eng
100 1_ a Автор Worth Dean S.
q Полное имя Worth D. S.
245 10 a Заглавие Бывш- and Сущ- in the Russian Dative Absolute
260 a Место издания Москва
b Издательство Индрик
c Дата издания 2008
440 _0 a Серия Труды по филологии и истории
504 a Библиография Библиогр.: с. 227 и в подстроч. примеч.
520 a Аннотация Бывш- and Сущ- in the Russian Dative Absolute.
653 a Ключевые слова Древнерусский язык
653 1_ a Ключевые слова Бывш
653 1_ a Ключевые слова Сущ
773 08 w Контрольный № источника RU/URGU/BOOKS/113484
t Название источника Miscellanea Slavica
d Место и дата издания Москва : Индрик, 2008
g Прочая информация С. 220-227
901 t Тип документа a
920 a Оператор Нови